Score 0/24 Timer 05:00
2 Plays Today
% Correct
Prayers
96.6%
Airport
96.1%
Swam
96%
Paste
95.8%
Walk
95.7%
Toothache
94%
Laces
93.5%
Chemistry
93.5%
Me
93.4%
Abducted
92.9%
Earthquake
92.9%
Stars
92.8%
% Correct
Ice
92.8%
Insurance
92.3%
Lost
92.2%
Google
91.5%
Keyboard
90.2%
Time
88.8%
Free
85.6%
Nashville
85.5%
Boyfriend
85.4%
Gravity
84.5%
Impeccable
77.9%
Microsoft
69.2%
Remove Ads.
Support Sporcle.
Get the best of Sporcle when you Go Orange. This ad-free experience offers more features, more stats, and more fun while also helping to support Sporcle. Thank you for becoming a member.

You're not logged in!

Compare scores with friends on all Sporcle quizzes.
OR
Log In

Show Comments

Extras

Top Quizzes Today


Score Distribution

Your Account Isn't Verified!

In order to create a playlist on Sporcle, you need to verify the email address you used during registration. Go to your Sporcle Settings to finish the process.

Report this User

Report this user for behavior that violates our Community Guidelines.

Details: